| 000 | 00964nam a2200217Ii 4500 | ||
|---|---|---|---|
| 003 | JO-AjNU | ||
| 008 | 230605s9999||||xx |||||||||||||| ||und|| | ||
| 017 | _a39387 | ||
| 040 |
_aJO-AjNU _bara _erda _cJO-AjNU |
||
| 041 | _aara | ||
| 050 | 1 | 4 | _aPJ7874.A3 H37 2007 |
| 100 | 3 |
_a ندوة هاشم ياغي (2009): عمان - الاردن، مؤسسة عبد الحميد شومان؛ مراجعة وتقديم خليل الشيخ, _eauthor _946294 |
|
| 245 | 0 | 0 | _aهاشم ياغي: أكاديميا، وناقدا، وإنسانا |
| 250 | _aط1 | ||
| 264 | 3 | 1 | _aعمان: بيروت: مؤسسة عبد الحميد شومان، المؤسسة العربية للدراسات والنشر،2007 |
| 300 | _a183ص | ||
| 336 |
_atext _btxt _2rdacontent |
||
| 337 |
_aunmediated _bn _2rdamedia |
||
| 338 |
_avolume _bnc _2rdacarrier |
||
| 650 | 4 |
_aالادباء الاردنيون - تراجم - مؤتمرات - ياغي، هاشم -1921 - مؤتمرات _946295 |
|
| 999 |
_aA20128 _c23696 _d23696 |
||